Infrared and raman spectra of inorganic and coordination compounds Part B Applications in coordination, organometallic, and bioinorganic chemistry

Salvato in:
Dettagli Bibliografici
Autore principale: Nakamoto, Kazuo
Natura: Libro
Lingua:inglese
Pubblicazione: Hoboken, N.J. Wiley 2009
Edizione:6th ed.
Soggetti:
Accesso online:Visualizza in OPAC
Tags: Aggiungi Tag
Nessun Tag, puoi essere il primo ad aggiungerne!!

MARC

LEADER 00000nam a2200000 a 4500
005 20260127134153.0
008 091127 2009 enk 000 0 eng d
020 |a 9780471744931 
035 |a vtls010025798 
039 9 |a 201805101057  |b mschk03  |c 201805101042  |d mschk03  |y 200911271106  |z mschk03 
040 |a STUSCHK1  |b slo  |c STUSCHK1  |e AACR2 
080 |a 543.7 
100 1 |a Nakamoto, Kazuo 
245 1 |a Infrared and raman spectra of inorganic and coordination compounds  |n Part B  |p Applications in coordination, organometallic, and bioinorganic chemistry  |c Kazuo Nakamoto 
250 |a 6th ed. 
260 |a Hoboken, N.J.  |b Wiley  |c 2009 
300 |a xi, 408 p.  |b ill.  |c 24 cm 
650 0 |a infrared spectroscopy 
650 0 |a raman spectroscopy 
910 |a SCHK95 
919 |a 978-0-471-74493-1 
999 |c 5751  |d 5751